[Event "21. Torneo de Moratalaz 2008"]
[Site "Madrid ESP"]
[Date "2008.09.20"]
[Round "1.3"]
[White "Leniz, Francisco"]
[Black "Almagro Llamas, Pablo"]
[Result "0-1"]
[WhiteElo "1904"]
[BlackElo "2492"]
[PlyCount "98"]
[EventDate "2008.09.20"]
[EventType "swiss"]
[EventRounds "9"]
[EventCountry "ESP"]
[Source "lmi"]
[SourceDate "2008.09.20"]

1. c4 c6 2. d4 d5 3. Nf3 Nf6 4. e3 Bf5 5. Qb3 Qb6 6. Nc3 e6 7. c5 Qc7 8. Qd1
Nbd7 9. Bd3 Bxd3 10. Qxd3 e5 11. Nxe5 Nxe5 12. dxe5 Qxe5 13. Qd4 Nd7 14. Na4
Be7 15. O-O O-O 16. Bd2 Bf6 17. Qxe5 Bxe5 18. Rab1 b5 19. cxb6 axb6 20. Nc3
Bxc3 21. Bxc3 Rxa2 22. Rfd1 Re8 23. b4 b5 24. Bd4 Rc2 25. Ra1 Nf8 26. Rdc1 Rc4
27. Bc3 Ne6 28. Be1 f6 29. Rd1 Kf7 30. Kf1 Re7 31. Rd3 d4 32. Bd2 dxe3 33. Rxe3
Rd7 34. Be1 Nf4 35. Rc3 Rxc3 36. Bxc3 Ke6 37. g3 Nd5 38. Re1+ Kd6 39. Rd1 Kc7
40. Be1 Re7 41. Rd4 Kd6 42. Bd2 c5 43. bxc5+ Kxc5 44. Rh4 g6 45. f3 b4 46. Kf2
b3 47. Bc1 Ra7 48. Re4 Ra2+ 49. Re2 Nc3 0-1

[Event "21. Torneo de Moratalaz 2008"]
[Site "Madrid ESP"]
[Date "2008.09.20"]
[Round "1.5"]
[White "Nieto de la Cruz, Julio"]
[Black "Moreno Ruiz, Javier"]
[Result "1/2-1/2"]
[WhiteElo "1888"]
[BlackElo "2470"]
[PlyCount "90"]
[EventDate "2008.09.20"]
[EventType "swiss"]
[EventRounds "9"]
[EventCountry "ESP"]
[Source "lmi"]
[SourceDate "2008.09.20"]

1. d4 Nf6 2. c4 e6 3. Nc3 Bb4 4. e3 b6 5. Bd3 Bb7 6. Nf3 c5 7. O-O O-O 8. Ne5
Bxc3 9. bxc3 d6 10. Ng4 Nbd7 11. Re1 e5 12. e4 Nxg4 13. Qxg4 Qe7 14. d5 Rae8
15. Re3 Bc8 16. Rg3 f6 17. Qh4 Rf7 18. h3 Nf8 19. Bd2 Ng6 20. Qh5 Nf4 21. Qh4
f5 22. Qxe7 Rexe7 23. exf5 Nxd3 24. Rxd3 Rxf5 25. Re1 Ref7 26. f3 Bd7 27. Rb1
Ba4 28. Rb2 Kf8 29. h4 Ke8 30. Kf2 Kd7 31. g4 e4 32. Ke3 exd3 33. gxf5 Bc2 34.
Kf4 g6 35. Be3 Rxf5+ 36. Kg3 Re5 37. Kf2 Re8 38. Rb5 d2 39. Bxd2 Bd3 40. Bf4
Re2+ 41. Kg3 Rxa2 42. Kg4 Kc7 43. Rb3 Bc2 44. Rb5 a6 45. Bxd6+ Kb7 1/2-1/2

[Event "21. Torneo de Moratalaz 2008"]
[Site "Madrid ESP"]
[Date "2008.09.20"]
[Round "1.6"]
[White "Diamant, Andre"]
[Black "Rodriguez Bachiller, Luis"]
[Result "1-0"]
[WhiteElo "2393"]
[BlackElo "1882"]
[PlyCount "51"]
[EventDate "2008.09.20"]
[EventType "swiss"]
[EventRounds "9"]
[EventCountry "ESP"]
[Source "lmi"]
[SourceDate "2008.09.20"]

1. e4 c5 2. Nf3 d6 3. d4 cxd4 4. Nxd4 Nf6 5. Nc3 a6 6. Be2 Nc6 7. O-O e5 8. Nb3
Be7 9. a4 Be6 10. Kh1 O-O 11. f4 Rc8 12. f5 Bxb3 13. cxb3 Ne8 14. Be3 Bg5 15.
Bg1 Nc7 16. Bc4 Na5 17. Qd3 Nxc4 18. bxc4 g6 19. Rad1 Ne8 20. Nd5 Rc6 21. b3 a5
22. Qg3 h6 23. Rd3 Kh7 24. fxg6+ Kxg6 25. h4 Rh8 26. Qg4 1-0

[Event "21. Torneo de Moratalaz 2008"]
[Site "Madrid ESP"]
[Date "2008.09.20"]
[Round "1.8"]
[White "Gonzalez Somoza, Oliver"]
[Black "Montero Garcia, Francisco Javier"]
[Result "1-0"]
[WhiteElo "2357"]
[BlackElo "1870"]
[PlyCount "71"]
[EventDate "2008.09.20"]
[EventType "swiss"]
[EventRounds "9"]
[EventCountry "ESP"]
[Source "lmi"]
[SourceDate "2008.09.20"]

1. c4 Nf6 2. d4 g6 3. Nc3 Bg7 4. e4 d6 5. Nf3 O-O 6. Be3 e5 7. dxe5 dxe5 8.
Qxd8 Rxd8 9. Nd5 Nxd5 10. cxd5 c6 11. Bc4 b5 12. Bb3 a5 13. a4 Bb7 14. Bb6 Rd7
15. axb5 cxd5 16. O-O dxe4 17. Ng5 a4 18. Bxf7+ Rxf7 19. Nxf7 Kxf7 20. Rac1 Nd7
21. Rc7 Bc8 22. Be3 Ke8 23. b6 Rb8 24. b7 Bxb7 25. Ba7 Ba6 26. Bxb8 Bxf1 27.
Kxf1 Kd8 28. Ra7 Bf8 29. Ra8 Nb6 30. Ra6 Bc5 31. Ba7 Kc7 32. Bxb6+ Bxb6 33.
Rxa4 e3 34. fxe3 Bxe3 35. Ke2 Bd4 36. Rxd4 1-0

[Event "21. Torneo de Moratalaz 2008"]
[Site "Madrid ESP"]
[Date "2008.09.20"]
[Round "1.9"]
[White "Garcia Serrano, Jose Manuel"]
[Black "Serrano Salvador, Eduardo"]
[Result "0-1"]
[WhiteElo "1869"]
[BlackElo "2341"]
[PlyCount "48"]
[EventDate "2008.09.20"]
[EventType "swiss"]
[EventRounds "9"]
[EventCountry "ESP"]
[Source "lmi"]
[SourceDate "2008.09.20"]

1. e4 c5 2. d4 cxd4 3. c3 dxc3 4. Nxc3 e6 5. Bc4 a6 6. Nf3 b5 7. Bb3 Bb7 8. Qe2
d6 9. O-O Nf6 10. a3 Be7 11. Rd1 Nbd7 12. Bf4 Qb8 13. Rac1 O-O 14. Ng5 h6 15.
Nh3 Ne5 16. f3 a5 17. Nxb5 a4 18. Bxe5 dxe5 19. Bc4 Ba6 20. Nc3 Bxc4 21. Qxc4
Qxb2 22. Nxa4 Qxa3 23. Nb6 Qe3+ 24. Nf2 Qxb6 0-1

[Event "21. Torneo de Moratalaz 2008"]
[Site "Madrid ESP"]
[Date "2008.09.20"]
[Round "1.10"]
[White "Elissalt Cardenas, Hector"]
[Black "Tsebrovskyy, Roman"]
[Result "1/2-1/2"]
[WhiteElo "2314"]
[BlackElo "1863"]
[PlyCount "55"]
[EventDate "2008.09.20"]
[EventType "swiss"]
[EventRounds "9"]
[EventCountry "ESP"]
[Source "lmi"]
[SourceDate "2008.09.20"]

1. d4 d5 2. Nf3 Nf6 3. e3 e6 4. Nbd2 Nbd7 5. Bd3 Be7 6. b3 c5 7. Bb2 b6 8. Ne5
Qc7 9. f4 Bb7 10. O-O O-O 11. Qf3 c4 12. Nxd7 Qxd7 13. Be2 Rac8 14. c3 b5 15.
Rfc1 Bc6 16. b4 Bd6 17. Bd1 a5 18. a3 Ra8 19. Bc2 Ra7 20. Rf1 axb4 21. axb4 g6
22. g4 Rfa8 23. Rxa7 Rxa7 24. Bb1 Qb7 25. Qg2 Ne4 26. Nxe4 dxe4 27. g5 Bf8 28.
h4 1/2-1/2

[Event "21. Torneo de Moratalaz 2008"]
[Site "Madrid ESP"]
[Date "2008.09.20"]
[Round "1.12"]
[White "De la Fuente, Francisco"]
[Black "Fernandez Lledo, Javier"]
[Result "1-0"]
[WhiteElo "2232"]
[BlackElo "1860"]
[PlyCount "63"]
[EventDate "2008.09.20"]
[EventType "swiss"]
[EventRounds "9"]
[EventCountry "ESP"]
[Source "lmi"]
[SourceDate "2008.09.20"]

1. c4 c6 2. d4 d5 3. Nf3 Nf6 4. Nc3 a6 5. c5 Bf5 6. Qb3 Qc7 7. g3 Nbd7 8. Bf4
Qc8 9. Bg2 Nh5 10. Be3 Qc7 11. Nh4 Bg6 12. f4 e6 13. O-O f5 14. Qc2 Nhf6 15. b4
b6 16. Nf3 Be7 17. cxb6 Nxb6 18. a3 Nc4 19. Bf2 Nd7 20. Na4 Bh5 21. Ne5 Ndxe5
22. dxe5 a5 23. Nb2 Nxb2 24. Qxb2 Rb8 25. Qc2 axb4 26. axb4 Bxb4 27. Ra7 Qc8
28. Bc5 Bxe2 29. Bxb4 Bxf1 30. Qc5 Rb7 31. Bxf1 Rd7 32. Ba6 1-0

[Event "21. Torneo de Moratalaz 2008"]
[Site "Madrid ESP"]
[Date "2008.09.20"]
[Round "1.13"]
[White "Diaz Begonte, Manuel"]
[Black "Sanchez Gonzales, Sergio"]
[Result "0-1"]
[WhiteElo "1855"]
[BlackElo "2228"]
[PlyCount "59"]
[EventDate "2008.09.20"]
[EventType "swiss"]
[EventRounds "9"]
[EventCountry "ESP"]
[Source "lmi"]
[SourceDate "2008.09.20"]

1. e4 c5 2. Nf3 d6 3. Bc4 e6 4. c3 Nf6 5. Qe2 Be7 6. O-O O-O 7. d4 d5 8. e5
dxc4 9. exf6 Bxf6 10. dxc5 b5 11. cxb6 axb6 12. Nbd2 b5 13. Ne4 Be7 14. Be3 Qc7
15. Rfd1 Bb7 16. Bd4 f6 17. Ng3 e5 18. Be3 f5 19. Bg5 Bxg5 20. Nxg5 h6 21. Nf3
Nc6 22. Nh4 Ne7 23. Qh5 Qc6 24. Nf3 Qe6 25. a3 Nd5 26. Ne2 Rae8 27. Re1 Qb6 28.
Rad1 Nf6 29. Qg6 Re6 30. Nxe5 0-1

[Event "21. Torneo de Moratalaz 2008"]
[Site "Madrid ESP"]
[Date "2008.09.20"]
[Round "1.14"]
[White "Peñalosa Pinilla, Jesus"]
[Black "Galan Aguado, Fernando"]
[Result "1-0"]
[WhiteElo "2224"]
[BlackElo "1848"]
[PlyCount "73"]
[EventDate "2008.09.20"]
[EventType "swiss"]
[EventRounds "9"]
[EventCountry "ESP"]
[Source "lmi"]
[SourceDate "2008.09.20"]

1. e4 e6 2. d3 d5 3. Nd2 Nf6 4. Ngf3 c5 5. g3 Nc6 6. Bg2 Qc7 7. O-O Be7 8. Re1
h6 9. Nf1 b6 10. Bf4 Qd8 11. e5 Nd7 12. h4 g5 13. hxg5 hxg5 14. Bd2 Ba6 15.
N1h2 Qc7 16. Ng4 Rg8 17. a3 O-O-O 18. Rb1 Rg7 19. b4 Bb7 20. b5 Ncb8 21. a4
Rdg8 22. Qe2 Nf8 23. a5 Nbd7 24. Ra1 Ng6 25. Nfh2 Rh8 26. Nf3 Qd8 27. axb6 axb6
28. Ra7 Kc7 29. c4 Nb8 30. Bc3 Kc8 31. Rea1 d4 32. Rxb7 dxc3 33. Nfh2 Nf4 34.
gxf4 gxf4 35. Ra8 Bd6 36. exd6 Qxd6 37. Raxb8+ 1-0

[Event "21. Torneo de Moratalaz 2008"]
[Site "Madrid ESP"]
[Date "2008.09.20"]
[Round "1.15"]
[White "Suarez Prieto, Leopoldo"]
[Black "Solaesa Navalpotro, Luis Julio"]
[Result "0-1"]
[WhiteElo "1884"]
[BlackElo "2216"]
[PlyCount "82"]
[EventDate "2008.09.20"]
[EventType "swiss"]
[EventRounds "9"]
[EventCountry "ESP"]
[Source "lmi"]
[SourceDate "2008.09.20"]

1. e4 e5 2. Bc4 Nc6 3. a3 Nf6 4. f4 Nxe4 5. Nc3 Nd6 6. Ba2 exf4 7. Nf3 Nf5 8.
O-O Bc5+ 9. Kh1 O-O 10. Ne2 Bd6 11. d3 Ne3 12. Bxe3 fxe3 13. Ng3 Bxg3 14. hxg3
d5 15. c3 Bg4 16. Qc2 Qd6 17. Rae1 Rfe8 18. d4 Rad8 19. Ng5 Qh6+ 20. Nh3 Bxh3
21. gxh3 Qxh3+ 22. Kg1 Qxg3+ 23. Qg2 Qxg2+ 24. Kxg2 Re6 25. Kf3 Ne7 26. Rxe3
Rxe3+ 27. Kxe3 f6 28. Kf4 Kf7 29. Rh1 h6 30. Ke3 Rh8 31. c4 c6 32. Rc1 Rd8 33.
cxd5 Nxd5+ 34. Ke4 Re8+ 35. Kd3 g5 36. Rc5 Ke6 37. Rc1 Kd6 38. Rh1 Nf4+ 39. Kc4
h5 40. Kb4 Re2 41. Kc3 h4 0-1

[Event "21. Torneo de Moratalaz 2008"]
[Site "Madrid ESP"]
[Date "2008.09.20"]
[Round "1.16"]
[White "Adan Bermudez, Sergio"]
[Black "Perez Serena, Alvaro"]
[Result "1-0"]
[WhiteElo "2204"]
[BlackElo "1836"]
[PlyCount "87"]
[EventDate "2008.09.20"]
[EventType "swiss"]
[EventRounds "9"]
[EventCountry "ESP"]
[Source "lmi"]
[SourceDate "2008.09.20"]

1. c4 Nf6 2. g3 e6 3. Nf3 d5 4. b3 Be7 5. Bg2 O-O 6. O-O c5 7. cxd5 exd5 8. d4
cxd4 9. Nxd4 Nc6 10. Bb2 Nxd4 11. Qxd4 Be6 12. Nc3 Qa5 13. Rac1 Rfd8 14. Qa4
Qxa4 15. Nxa4 Rac8 16. Nc3 b6 17. Nb5 a6 18. Nc7 a5 19. Rfd1 Bc5 20. Nb5 Ne4
21. Nd4 Nf6 22. e3 h6 23. Rd2 Ne4 24. Rdc2 Nd6 25. a3 Re8 26. Bf1 Bg4 27. h3
Bd7 28. Kg2 Ne4 29. Bb5 Rcd8 30. Bxd7 Rxd7 31. Nc6 Bf8 32. Ne5 Rb7 33. Rd1 Nf6
34. Nf3 Rd7 35. Bxf6 gxf6 36. Rc6 Re6 37. Rc8 Kg7 38. Nd4 Re5 39. f4 Re4 40.
Nf5+ Kg6 41. g4 Bxa3 42. Rh8 Bf8 43. Rxf8 Kh7 44. Rc1 1-0

[Event "21. Torneo de Moratalaz 2008"]
[Site "Madrid ESP"]
[Date "2008.09.21"]
[Round "2.1"]
[White "Fier, Alexandr"]
[Black "Toranzo Fernandez, Dioniso"]
[Result "1-0"]
[WhiteElo "2558"]
[BlackElo "2032"]
[PlyCount "67"]
[EventDate "2008.09.20"]
[EventType "swiss"]
[EventRounds "9"]
[EventCountry "ESP"]
[Source "lmi"]
[SourceDate "2008.09.20"]

1. e4 c5 2. Nf3 e6 3. d4 cxd4 4. Nxd4 Nc6 5. Nc3 Qc7 6. Be2 a6 7. O-O Nf6 8.
Be3 Bb4 9. Na4 Bd6 10. Nxc6 bxc6 11. f4 Nxe4 12. Bd3 Nf6 13. c4 c5 14. b4 cxb4
15. c5 Be7 16. Bd4 Bb7 17. Rc1 Qc6 18. Rf3 Rd8 19. Rg3 g6 20. Rc4 a5 21. Qa1
Qxa4 22. Bxf6 Bxf6 23. Qxf6 Qd1+ 24. Bf1 O-O 25. f5 exf5 26. Rh4 Rde8 27. Rxh7
Kxh7 28. Rh3+ Qh5 29. Rxh5+ gxh5 30. Qxf5+ Kg7 31. Qg5+ Kh7 32. Qxh5+ Kg7 33.
Qg5+ Kh7 34. Bd3+ 1-0

[Event "21. Torneo de Moratalaz 2008"]
[Site "Madrid ESP"]
[Date "2008.09.21"]
[Round "2.2"]
[White "Sanchez Alarcos, Victor"]
[Black "Mekhitarian, Krikor Sevag"]
[Result "0-1"]
[WhiteElo "2076"]
[BlackElo "2504"]
[PlyCount "66"]
[EventDate "2008.09.20"]
[EventType "swiss"]
[EventRounds "9"]
[EventCountry "ESP"]
[Source "lmi"]
[SourceDate "2008.09.20"]

1. e4 c5 2. Nf3 e6 3. d4 cxd4 4. Nxd4 Nf6 5. Nc3 d6 6. Be2 Be7 7. O-O Nc6 8.
Be3 O-O 9. Kh1 a6 10. f4 Bd7 11. Qe1 Nxd4 12. Bxd4 Bc6 13. Bf3 Nd7 14. Rd1 Qc7
15. Be3 b5 16. Qg3 b4 17. Ne2 Rfe8 18. Rd2 Bf8 19. Nd4 Bb7 20. Re1 Nc5 21. e5
Ne4 22. Bxe4 Bxe4 23. exd6 Bxd6 24. Nf3 Bd5 25. Bd4 f6 26. Be3 Rac8 27. Red1
Qc4 28. b3 Qe4 29. Ne1 Rc3 30. Rd3 Rxd3 31. cxd3 Qf5 32. Qf2 e5 33. fxe5 Qxe5
0-1

[Event "21. Torneo de Moratalaz 2008"]
[Site "Madrid ESP"]
[Date "2008.09.21"]
[Round "2.5"]
[White "Moreno Ruiz, Javier"]
[Black "Tejedor Araiza, Francisco"]
[Result "1-0"]
[WhiteElo "2470"]
[BlackElo "2010"]
[PlyCount "99"]
[EventDate "2008.09.20"]
[EventType "swiss"]
[EventRounds "9"]
[EventCountry "ESP"]
[Source "lmi"]
[SourceDate "2008.09.20"]

1. c4 Nf6 2. g3 c6 3. Bg2 d5 4. Nf3 e6 5. O-O Nbd7 6. b3 Be7 7. Bb2 O-O 8. Qc2
b6 9. d3 Bb7 10. e4 c5 11. exd5 exd5 12. Nh4 Rb8 13. Nf5 d4 14. Nd2 Bxg2 15.
Kxg2 g6 16. Nxe7+ Qxe7 17. Rae1 Qd6 18. Bc1 Qc6+ 19. f3 Rfe8 20. Qd1 Nf8 21.
Ne4 Nxe4 22. fxe4 f5 23. Qf3 Nd7 24. exf5 Qxf3+ 25. Kxf3 Ne5+ 26. Ke2 Ng4+ 27.
Kd1 Nxh2 28. Rf4 Rxe1+ 29. Kxe1 gxf5 30. Rxf5 Re8+ 31. Kd1 Re7 32. Bh6 Rf7 33.
Rg5+ Kh8 34. Rd5 Rf1+ 35. Ke2 Kg8 36. Rh5 Rb1 37. Rxh2 Rb2+ 38. Bd2 Rxa2 39.
Rh6 Rb2 40. Rc6 Rxb3 41. Rc7 a5 42. Bh6 a4 43. Rg7+ Kf8 44. Rxh7+ Kg8 45. Rg7+
Kh8 46. Ra7 a3 47. g4 Rb2+ 48. Kf3 a2 49. Kf4 Rd2 50. Kf5 1-0

[Event "21. Torneo de Moratalaz 2008"]
[Site "Madrid ESP"]
[Date "2008.09.21"]
[Round "2.9"]
[White "Serrano Salvador, Eduardo"]
[Black "Castejon Caballero, Andres"]
[Result "1-0"]
[WhiteElo "2341"]
[BlackElo "1993"]
[PlyCount "51"]
[EventDate "2008.09.20"]
[EventType "swiss"]
[EventRounds "9"]
[EventCountry "ESP"]
[Source "lmi"]
[SourceDate "2008.09.20"]

1. c4 Nf6 2. Nc3 d5 3. cxd5 Nxd5 4. g3 g6 5. Bg2 Nb6 6. Nf3 Bg7 7. O-O c5 8. a4
Nc6 9. a5 Nc4 10. a6 O-O 11. axb7 Bxb7 12. d3 Nd6 13. Na4 Nd4 14. e3 Bxf3 15.
Bxf3 Nxf3+ 16. Qxf3 c4 17. d4 e5 18. dxe5 Bxe5 19. Rd1 Qe7 20. Nb6 Rab8 21. Nd5
Qe6 22. Rxa7 Bxb2 23. Bxb2 Rxb2 24. Qf6 Qxf6 25. Nxf6+ Kg7 26. Rxd6 1-0

[Event "21. Torneo de Moratalaz 2008"]
[Site "Madrid ESP"]
[Date "2008.09.21"]
[Round "2.11"]
[White "Sanchez Gonzales, Sergio"]
[Black "Fernandez Aransay, Fernando"]
[Result "1-0"]
[WhiteElo "2228"]
[BlackElo "1985"]
[PlyCount "53"]
[EventDate "2008.09.20"]
[EventType "swiss"]
[EventRounds "9"]
[EventCountry "ESP"]
[Source "lmi"]
[SourceDate "2008.09.20"]

1. c4 e5 2. Nc3 Nf6 3. Nf3 d6 4. d4 exd4 5. Nxd4 Be7 6. e4 Nbd7 7. Be2 Nc5 8.
f3 O-O 9. b3 a5 10. Be3 c6 11. O-O Qc7 12. a3 Rd8 13. b4 axb4 14. axb4 Rxa1 15.
Qxa1 Ne6 16. Nf5 Bf8 17. Na4 Re8 18. Rd1 Nc5 19. Nh6+ gxh6 20. bxc5 Re6 21. Qc3
Ne8 22. Bf4 Bg7 23. Qd2 Be5 24. Bxe5 dxe5 25. Nb6 Nf6 26. Qd8+ Qxd8 27. Rxd8+
1-0

[Event "21. Torneo de Moratalaz 2008"]
[Site "Madrid ESP"]
[Date "2008.09.21"]
[Round "2.12"]
[White "García Salamero, Gabriel"]
[Black "Peñalosa Pinilla, Jesus"]
[Result "0-1"]
[WhiteElo "2224"]
[BlackElo "1981"]
[PlyCount "40"]
[EventDate "2008.09.20"]
[EventType "swiss"]
[EventRounds "9"]
[EventCountry "ESP"]
[Source "lmi"]
[SourceDate "2008.09.20"]

1. e4 c5 2. Nf3 d6 3. d3 Nc6 4. g3 g6 5. Bg2 Bg7 6. O-O e5 7. c3 Nge7 8. a3 O-O
9. b4 h6 10. Be3 b6 11. b5 Na5 12. c4 Be6 13. Ra2 Rc8 14. h4 Qd7 15. Nh2 f5 16.
f4 fxe4 17. fxe5 exd3 18. exd6 Qxd6 19. Bf4 Qd4+ 20. Kh1 Bxc4 0-1

[Event "21. Torneo de Moratalaz 2008"]
[Site "Madrid ESP"]
[Date "2008.09.21"]
[Round "2.13"]
[White "Solaesa Navalpotro, Luis Julio"]
[Black "Vazquez Torres, Adrian"]
[Result "1-0"]
[WhiteElo "2216"]
[BlackElo "1981"]
[PlyCount "59"]
[EventDate "2008.09.20"]
[EventType "swiss"]
[EventRounds "9"]
[EventCountry "ESP"]
[Source "lmi"]
[SourceDate "2008.09.20"]

1. d4 d5 2. c4 e6 3. Nc3 Nf6 4. Bg5 Be7 5. cxd5 exd5 6. e3 c6 7. Bd3 O-O 8. Qc2
Nbd7 9. Nge2 Re8 10. O-O-O Nf8 11. h3 a5 12. g4 g6 13. Kb1 b5 14. Ng3 Ne6 15.
Bxf6 Bxf6 16. f4 Nf8 17. e4 b4 18. Nce2 Qb6 19. e5 Bh4 20. Qc1 Ne6 21. Qe3 Ba6
22. Bxa6 Rxa6 23. f5 Nc7 24. Rhf1 Nb5 25. f6 g5 26. Nf5 Nc3+ 27. Nxc3 bxc3 28.
Qxc3 Qb4 29. Qc1 Rb6 30. Nh6+ 1-0

[Event "21. Torneo de Moratalaz 2008"]
[Site "Madrid ESP"]
[Date "2008.09.21"]
[Round "2.15"]
[White "Ferreira, Henrique Camara"]
[Black "Tolosana Esteban, Enrique"]
[Result "1-0"]
[WhiteElo "2151"]
[BlackElo "1954"]
[PlyCount "37"]
[EventDate "2008.09.20"]
[EventType "swiss"]
[EventRounds "9"]
[EventCountry "ESP"]
[Source "lmi"]
[SourceDate "2008.09.20"]

1. d4 Nf6 2. Nf3 g6 3. c4 c5 4. d5 b5 5. cxb5 a6 6. bxa6 Bxa6 7. Nc3 Bg7 8. g3
O-O 9. Bg2 d6 10. O-O Nfd7 11. Qc2 Bc4 12. Rd1 Na6 13. Qe4 Nb6 14. Bg5 Re8 15.
Nd2 h6 16. Bxh6 Bxe2 17. Qxe2 Bxh6 18. h4 Rb8 19. Qxa6 1-0

[Event "21. Torneo de Moratalaz 2008"]
[Site "Madrid ESP"]
[Date "2008.09.21"]
[Round "2.16"]
[White "Ramos del Campo, Alexander"]
[Black "Unciti Juan, Javier"]
[Result "0-1"]
[WhiteElo "1947"]
[BlackElo "2125"]
[PlyCount "58"]
[EventDate "2008.09.20"]
[EventType "swiss"]
[EventRounds "9"]
[EventCountry "ESP"]
[Source "lmi"]
[SourceDate "2008.09.20"]

1. e4 e5 2. d4 d6 3. dxe5 dxe5 4. Qxd8+ Kxd8 5. Bc4 Be6 6. Bxe6 fxe6 7. Nf3 Nc6
8. Be3 Nf6 9. Ng5 Kd7 10. Nc3 Bb4 11. O-O-O+ Ke7 12. a3 Bd6 13. Rd3 Nd4 14. Kb1
c5 15. f4 exf4 16. Bxd4 cxd4 17. Rxd4 Be5 18. Rc4 Rac8 19. Rxc8 Rxc8 20. Ne2
Rd8 21. Nf3 Bb8 22. e5 Nd5 23. Rd1 Rc8 24. c3 g5 25. Nxg5 Bxe5 26. Rd3 Rg8 27.
Nf3 Rxg2 28. Nxe5 Rxe2 29. Ng4 h5 0-1

[Event "21. Torneo de Moratalaz 2008"]
[Site "Madrid ESP"]
[Date "2008.09.23"]
[Round "4.2"]
[White "Almagro Llamas, Pablo"]
[Black "Diamant, Andre"]
[Result "1-0"]
[WhiteElo "2492"]
[BlackElo "2393"]
[PlyCount "55"]
[EventDate "2008.09.20"]
[EventType "swiss"]
[EventRounds "9"]
[EventCountry "ESP"]
[Source "lmi"]
[SourceDate "2008.09.20"]

1. e4 c5 2. Nf3 e6 3. d4 cxd4 4. Nxd4 Nc6 5. Nc3 a6 6. Nxc6 bxc6 7. Bd3 d5 8.
O-O Qc7 9. Re1 Bb7 10. Qf3 Bd6 11. Qh3 Ne7 12. b3 e5 13. Na4 Bc8 14. Qg3 O-O
15. c4 Nf5 16. exf5 e4 17. f4 exd3 18. f6 g6 19. c5 Qa7 20. Qf2 Bc7 21. Qh4 Bd8
22. Bb2 d4 23. Nb6 h5 24. Nxc8 Rxc8 25. Re5 Qd7 26. Rxh5 Bxf6 27. Qxf6 gxh5 28.
Bxd4 1-0

[Event "21. Torneo de Moratalaz 2008"]
[Site "Madrid ESP"]
[Date "2008.09.24"]
[Round "5.2"]
[White "Gonzalez Somoza, Oliver"]
[Black "Di Berardino, Diego Rafael"]
[Result "1-0"]
[WhiteElo "2357"]
[BlackElo "2471"]
[PlyCount "107"]
[EventDate "2008.09.20"]
[EventType "swiss"]
[EventRounds "9"]
[EventCountry "ESP"]
[Source "lmi"]
[SourceDate "2008.09.20"]

1. d4 Nf6 2. c4 g6 3. Nc3 Bg7 4. e4 d6 5. Nf3 O-O 6. h3 Na6 7. Bg5 Qe8 8. Be2
e5 9. d5 Nc5 10. Bxf6 Bxf6 11. b4 Nd7 12. Rc1 a6 13. O-O Bg7 14. Ne1 f5 15. g4
Nf6 16. f3 Bh6 17. Rc2 Be3+ 18. Kh1 Qe7 19. Bd3 fxg4 20. fxg4 Bd7 21. Ng2 Bd4
22. Qe1 a5 23. Ne2 axb4 24. Nxd4 exd4 25. Rcf2 c5 26. Rf3 Kg7 27. Qf2 Qe5 28.
Nf4 Rae8 29. g5 Qxg5 30. e5 Qxe5 31. Qg2 Kh8 32. Nxg6+ hxg6 33. Qxg6 Qh5 34.
Qxh5+ Nxh5 35. Rxf8+ Rxf8 36. Rxf8+ Kg7 37. Rf3 Nf6 38. Rg3+ Kf8 39. Kg1 Be8
40. h4 Bh5 41. Rg5 Bd1 42. Kf1 Kf7 43. Ke1 Bh5 44. Be2 Bg6 45. h5 Bb1 46. h6 d3
47. Bh5+ Kf8 48. Bg6 Bxa2 49. Bxd3 b5 50. cxb5 c4 51. b6 cxd3 52. b7 d2+ 53.
Kxd2 Ne4+ 54. Ke3 1-0

[Event "21. Torneo de Moratalaz 2008"]
[Site "Madrid ESP"]
[Date "2008.09.26"]
[Round "7.1"]
[White "Almagro Llamas, Pablo"]
[Black "Fier, Alexandr"]
[Result "1/2-1/2"]
[WhiteElo "2492"]
[BlackElo "2558"]
[PlyCount "36"]
[EventDate "2008.09.20"]
[EventType "swiss"]
[EventRounds "9"]
[EventCountry "ESP"]
[Source "lmi"]
[SourceDate "2008.09.20"]

1. e4 c5 2. Nf3 d6 3. d4 cxd4 4. Nxd4 Nf6 5. Nc3 Nc6 6. Be2 e6 7. O-O Be7 8.
Be3 O-O 9. f4 a6 10. a4 Qc7 11. Qe1 e5 12. fxe5 dxe5 13. Qg3 Nxd4 14. Bxd4 Bc5
15. Bxc5 Qxc5+ 16. Kh1 Kh8 17. Rxf6 gxf6 18. Qh4 Rg8 1/2-1/2

[Event "21. Torneo de Moratalaz 2008"]
[Site "Madrid ESP"]
[Date "2008.09.26"]
[Round "7.3"]
[White "Diamant, Andre"]
[Black "Serrano Salvador, Eduardo"]
[Result "1-0"]
[WhiteElo "2393"]
[BlackElo "2341"]
[PlyCount "75"]
[EventDate "2008.09.20"]
[EventType "swiss"]
[EventRounds "9"]
[EventCountry "ESP"]
[Source "lmi"]
[SourceDate "2008.09.20"]

1. e4 e5 2. Nf3 Nc6 3. Bb5 a6 4. Ba4 Nf6 5. O-O Be7 6. Re1 b5 7. Bb3 Bb7 8. d3
O-O 9. Nc3 d6 10. a4 b4 11. Nd5 Nxd5 12. Bxd5 Na5 13. Bxb7 Nxb7 14. c3 bxc3 15.
bxc3 Nc5 16. d4 Nd7 17. Qd3 Re8 18. Be3 Bf6 19. d5 Qc8 20. Qc4 g6 21. Rab1 Rb8
22. Rxb8 Nxb8 23. Rb1 c5 24. dxc6 Qxc6 25. Nd2 Rc8 26. Qxc6 Nxc6 27. Rb6 a5 28.
Nc4 Bd8 29. Nxd6 Bxb6 30. Nxc8 Bxe3 31. fxe3 Nd8 32. Nd6 Ne6 33. Nb7 Ng5 34.
Nxa5 Nxe4 35. Nc6 Nxc3 36. a5 f6 37. a6 Na4 38. Ne7+ 1-0

[Event "21. Torneo de Moratalaz 2008"]
[Site "Madrid ESP"]
[Date "2008.09.27"]
[Round "8.1"]
[White "Fier, Alexandr"]
[Black "Diamant, Andre"]
[Result "1-0"]
[WhiteElo "2558"]
[BlackElo "2393"]
[PlyCount "73"]
[EventDate "2008.09.20"]
[EventType "swiss"]
[EventRounds "9"]
[EventCountry "ESP"]
[Source "lmi"]
[SourceDate "2008.09.20"]

1. e4 c5 2. Nf3 e6 3. d4 cxd4 4. Nxd4 Nc6 5. Nc3 a6 6. Be3 Nf6 7. f4 Bb4 8. Bd3
d6 9. Nxc6 bxc6 10. O-O O-O 11. e5 dxe5 12. fxe5 Nd5 13. Bd2 Qh4 14. Ne4 Bxd2
15. Qxd2 Qh5 16. Rae1 Rb8 17. c4 Ne7 18. b3 Ng6 19. Ng3 Qh4 20. Bxg6 hxg6 21.
Ne4 Rb7 22. Rf4 Qh6 23. Nc5 Re7 24. Rd4 Qh5 25. g4 Qh4 26. Qf2 Qh6 27. Qe3 Qh4
28. Qg3 Qg5 29. Ne4 Qh6 30. g5 Qh5 31. Nd6 f6 32. gxf6 gxf6 33. Rh4 Qg5 34. Rg4
Qd2 35. Rxg6+ Kh7 36. Re4 Kh8 37. Rh4+ 1-0

[Event "21. Torneo de Moratalaz 2008"]
[Site "Madrid ESP"]
[Date "2008.09.27"]
[Round "8.2"]
[White "Di Berardino, Diego Rafael"]
[Black "Moreno Ruiz, Javier"]
[Result "1-0"]
[WhiteElo "2471"]
[BlackElo "2470"]
[PlyCount "63"]
[EventDate "2008.09.20"]
[EventType "swiss"]
[EventRounds "9"]
[EventCountry "ESP"]
[Source "lmi"]
[SourceDate "2008.09.20"]

1. e4 c5 2. Nf3 Nc6 3. d4 cxd4 4. Nxd4 g6 5. Nc3 Bg7 6. Be3 Nf6 7. Bc4 Qa5 8.
O-O O-O 9. Bb3 d6 10. h3 Bd7 11. Re1 Rfe8 12. Qe2 Qh5 13. Qf1 Nxe4 14. Nxe4
Bxd4 15. Rad1 Bxe3 16. Rxe3 Qa5 17. Rd5 Qc7 18. Qc1 Be6 19. Rh5 Nd4 20. Qd2 Nf5
21. Rc3 Qd7 22. g4 gxh5 23. gxf5 Bxf5 24. Rg3+ Bg6 25. Qh6 d5 26. Ng5 e5 27.
Nxh7 Re6 28. Ng5 Rf6 29. Nh7 Re6 30. c4 d4 31. c5 Rae8 32. Rxg6+ 1-0